000 00806nam a2200217Ia 4500
001 10269
003 GE_BSU
008 181216s||||||||xx |||||||||||||| ||und||
040 _cGE_BSU
080 _a821.353.1-2
100 _aმჭედლიშვილი, ი
245 _aალექსანდრე ბატონიშვილი
245 _bისტორიული პიესა 5 მოქმედაბად
245 _cწინასიტყვაობა: გ.თევზიშვილის
260 _aტფილისი.
260 _bფედერაცია
260 _c1935
300 _a132გვ;17სმ.
653 _aალექსანდრე ბატონიშვილი : ისტორიული პიესა
942 _cBK
999 _c43538
_d43538